|
|
|
|
| LEADER |
01050nab a2200253 i 4500 |
| 001 |
misc66149 |
| 005 |
20240424130931.0 |
| 008 |
230628s1984 hu o 000 hun d |
| 040 |
|
|
|a SZTE Miscellanea Repozitórium
|b hun
|
| 041 |
|
|
|a hun
|
| 100 |
2 |
|
|a Róna-Tas András
|
| 245 |
1 |
3 |
|a Az eredetkérdés és a társadalmi tudat
|h [elektronikus dokumentum] :
|b [hozzászólás Szűcs Jenő: Történeti "eredet"-kérdések és nemzeti tudat c. cikkéhez] /
|c Róna-Tas András
|
| 260 |
|
|
|c 1984
|
| 300 |
|
|
|a 103-106
|c 24 cm
|
| 300 |
|
|
|a [4] p.
|c 24 cm
|
| 490 |
0 |
|
|a Valóság : a Tudományos Ismeretterjesztő Társulat havi folyóirata
|
| 561 |
|
|
|a Németh Gyula hagyaték
|
| 591 |
|
|
|a NOV 5147; NOV 5148
|
| 650 |
|
4 |
|a Bölcsészettudományok
|
| 650 |
|
4 |
|a Történettudomány és régészet
|
| 695 |
|
|
|a Magyarok eredete, Őstörténet - magyar
|
| 700 |
0 |
1 |
|a Szűcs Jenő
|
| 856 |
4 |
0 |
|u http://misc.bibl.u-szeged.hu/66149/3/5148_nov.pdf
|z Dokumentum-elérés
|
| 856 |
4 |
0 |
|u http://misc.bibl.u-szeged.hu/66149/1/5147_nov.pdf
|z Dokumentum-elérés
|